| 000 | 00525nam a22001697a 4500 | ||
|---|---|---|---|
| 003 | OSt | ||
| 005 | 20260220103353.0 | ||
| 008 | 260220b |||||||| |||| 00| 0 eng d | ||
| 040 | _cMRSPTU | ||
| 041 | _aEnglish | ||
| 100 | _aAshwani Kumar, Supervisor: Aradhna Mehta | ||
| 245 | _aDesign and Analysis of Multi-Storeyed Hospital Building | ||
| 260 |
_bDepartment of Civil Engg. MRSPTU, Bathinda _c2005 |
||
| 650 | _aCivil Engineering | ||
| 856 | _uhttp://163.47.215.52:8080/jspui/handle/123456789/1120 | ||
| 942 |
_2ddc _cTH _n0 |
||
| 999 |
_c10975 _d10975 |
||